00461nam a2200121Ia 4500008004100000100001900041245008100060245004300141260000900184300002900193440003000222650008700252171207s9999 xx 000 0 und d aDhir, Amandeep aWhy do we tag photographs on Facebook? Proposing a new gratifications scale  cAmandeep Dhir, Gina M Chen, Sufen Chen c2017 apages 502-21, April 2017 aNew Media & Societyv19:4 aADOLESCENTS, FACEBOOK, PHOTO-TAGGING, SOCIAL MEDIA, USES AND GRATIFICATIONS THEORY